|
|
|
|
| LEADER |
01280nam a22003374a 4500 |
| 001 |
33361 |
| 003 |
BD-DhAAL |
| 005 |
20250625104225.0 |
| 008 |
180714t2000 maua b 001 0 eng |
| 010 |
|
|
|a 99031487
|
| 020 |
|
|
|a 0750670894 (alk. paper)
|
| 040 |
|
|
|a DLC
|c DLC
|d DLC
|d BD-DhAAL
|
| 042 |
|
|
|a pcc
|
| 050 |
0 |
0 |
|a HV8290
|b .B72 2000
|
| 082 |
0 |
0 |
|a 658.47
|2 21
|
| 100 |
1 |
|
|a Broder, James F.
|9 27030
|
| 245 |
1 |
0 |
|a Risk analysis and the security survey /
|c James F. Broder.
|
| 250 |
|
|
|a Second edition.
|
| 260 |
|
|
|a Boston, MA :
|b Butterworth Heinemann,
|c c2000.
|
| 300 |
|
|
|a xiv, 352 pages :
|b illustrations ;
|c 25 cm.
|
| 504 |
|
|
|a Includes bibliographical references and index.
|
| 526 |
|
|
|a ARC
|
| 541 |
|
|
|a Department of Architecture
|e 33361
|
| 650 |
|
0 |
|a Industries
|x Security measures.
|9 27031
|
| 650 |
|
0 |
|a Risk management.
|9 27032
|
| 650 |
|
0 |
|a Crime prevention surveys.
|9 27033
|
| 650 |
|
0 |
|a Assistance in emergencies
|x Planning.
|9 27034
|
| 852 |
|
|
|a Department of Architecture
|c General Stacks
|
| 942 |
|
|
|2 ddc
|c BK
|
| 999 |
|
|
|c 39710
|d 39710
|
| 952 |
|
|
|0 0
|1 0
|2 ddc
|4 0
|6 658_470000000000000_BRO
|7 0
|9 63737
|a BRACUL
|b BRACUL
|c GEN
|d 2018-07-14
|e Department of Architecture
|l 0
|o 658.47 BRO
|p 3010033361
|r 2018-07-14
|t 1
|w 2018-07-14
|y BK
|x Transferred from ARC to BRACUL on 28/12/2023
|